Unfair competition and the ITC : actions before the International Trade Commission under section 337 of the Tariff Act of 1930

Αποθηκεύτηκε σε:
Λεπτομέρειες βιβλιογραφικής εγγραφής
Κύριος συγγραφέας: Duvall, Donald K. (Επιμελητής έκδοσης)
Άλλοι συγγραφείς: McCabe, Philip J. (Επιμελητής έκδοσης)
Μορφή: Βιβλίο
Γλώσσα:English
Δημοσίευση: New York : Clark Boardman Callaghan, 1997
Σειρά:Intellectual property
Θέματα:
Ετικέτες: Προσθήκη ετικέτας
Δεν υπάρχουν, Καταχωρήστε ετικέτα πρώτοι!

MARC

LEADER 00000nam a2200000 i 4500
001 1/63373
008 980717s1997 eng d
020 |a 0-8366-1126-8 
035 |l 10029244 
040 |a GR-MY-UA  |b gre  |e aacr 
041 0 |a eng 
082 0 |a 343.730721 
100 1 |a Duvall, Donald K. 
245 1 0 |a Unfair competition and the ITC :  |b actions before the International Trade Commission under section 337 of the Tariff Act of 1930 /  |c Donald Knox Duvall ; edited by: Donald K. Duvall, Philip J. McCabe 
260 |a New York :   |b Clark Boardman Callaghan,   |c 1997 
300 |a xxxix, 620 p. + 746 p. appendix 
490 1 |a Intellectual property 
650 0 0 |a Intellectual property  |z United States  |x Periodicals. 
650 0 0 |a Competition, Unfair  |z United States  |x Periodicals. 
650 0 0 |a Foreign trade regulation  |z United States  |x Periodicals. 
650 0 0 |a Action and defenses (Administrative law)  |z United States  |x Periodicals. 
651 0 |a United States  |x International Trade Commission  |x Rules and practice  |x Periodicals. 
700 1 |a Duvall, Donald K.  |4 edt 
700 1 |a McCabe, Philip J.  |4 edt 
830 0 |a Intellectual property 
852 |a INST  |b CHIOS  |e 19980717  |h 343.730721 DUV  |p 005200016031  |q 005200016031  |t BK  |y 0 
901 |a BIBL-1998-2 
909 |a Χ  |b 058537 
922 |a 2ΕΛΗ  |b 199806  |c ΜΑΣΤΡΟΜΑΝΩΛΗΣ  |d ΚΩΣΤΑΡΑΚΗΣ